Spaces of constant curvature /
Guardado en:
| Autor Principal: | |
|---|---|
| Formato: | Libro |
| Idioma: | English |
| Publicado: |
Providence, R.I. :
AMS Chelsea Pub.,
c2011.
|
| Edición: | 6th ed. |
| Materias: |
Differential geometry
> Global differential geometry
> Methods of Riemannian geometry, including PDE methods; curvature restrictions.
Differential geometry
> Global differential geometry
> Lorentz manifolds, manifolds with indefinite metrics.
Group theory and generalizations
> Representation theory of groups
> Group rings of finite groups and their modules.
|
| Etiquetas: |
Agregar Etiqueta
Sin Etiquetas, Sea el primero en etiquetar este registro!
|
| LEADER | 02632cam a22004094a 4500 | ||
|---|---|---|---|
| 001 | MAT.inmabb006673 | ||
| 008 | 100830s2011####riua#####b####001#0#eng## | ||
| 005 | 20130415144755.0 | ||
| 245 | 1 | 0 | |a Spaces of constant curvature / |c Joseph A. Wolf. |
| 250 | |a 6th ed. | ||
| 260 | |a Providence, R.I. : |b AMS Chelsea Pub., |c c2011. | ||
| 300 | |a xv, 420 p. : |b il. ; |c 27 cm. | ||
| 504 | |a Incluye referencias bibliográficas e índice. | ||
| 505 | 0 | |a Affine differential geometry -- Riemannian curvature -- Flat Riemannian manifolds -- Representations of finite groups -- Vincent's work on the spherical space form problem -- The classification of fixed point free groups -- The solution to the spherical space form problem -- Riemann symmetric spaces -- Space forms of irreducible symmetric spaces -- Locally symmetric spaces of non-negative curvature -- Spaces of constant curvature -- Locally isotropic manifolds. | |
| 510 | 4 | |a MR, |c 2011j:53001 | |
| 020 | |a 9780821852828 (alk. paper) | ||
| 020 | |a 0821852825 (alk. paper) | ||
| 100 | 1 | |a Wolf, Joseph Albert, |d 1936- | |
| 084 | |a 53-02 |a 53C21 |a 53C30 |a 53C35 |a 53C50 |a 20C05 |a 22C05 |a 14L35 |a 17B45 |a 20D99 |2 msc | ||
| 650 | 0 | |a Spaces of constant curvature. | |
| 650 | 0 | |a Geometry, Riemannian. | |
| 650 | 0 | |a Riemannian manifolds. | |
| 650 | 0 | |a Symmetric spaces. | |
| 650 | 7 | |a Differential geometry -- Research exposition (monographs, survey articles). |2 msc | |
| 650 | 7 | |a Differential geometry -- Global differential geometry -- Methods of Riemannian geometry, including PDE methods; curvature restrictions. |2 msc | |
| 650 | 7 | |a Differential geometry -- Global differential geometry -- Homogeneous manifolds. |2 msc | |
| 650 | 7 | |a Differential geometry -- Global differential geometry -- Symmetric spaces. |2 msc | |
| 650 | 7 | |a Differential geometry -- Global differential geometry -- Lorentz manifolds, manifolds with indefinite metrics. |2 msc | |
| 650 | 7 | |a Group theory and generalizations -- Representation theory of groups -- Group rings of finite groups and their modules. |2 msc | |
| 650 | 7 | |a Topological groups, Lie groups -- Compact groups -- Compact groups. |2 msc | |
| 650 | 7 | |a Algebraic geometry -- Algebraic groups -- Classical groups (geometric aspects). |2 msc | |
| 650 | 7 | |a Nonassociative rings and algebras -- Lie algebras and Lie superalgebras -- Lie algebras of linear algebraic groups. |2 msc | |
| 650 | 7 | |a Group theory and generalizations -- Abstract finite groups -- None of the above, but in this section. |2 msc | |
| 084 | |a 53-02 (53C30) |2 msc2000 | ||
| 010 | |a 2010035675 | ||
| 040 | |a DLC |c DLC |d YDX |d YDXCP |d CDX |d SOI |d RCE |d DLC | ||
| 859 | |h 53 |i W853-6 |p A-8809 |b BIB. MATEMATICA | ||
